Statistics for World Leaders from 1939-2022

Click here to take the quiz!

General Stats

  • This quiz has been taken 33 times
  • The average score is 16 of 20

Answer Stats

HintAnswer% Correct
Leader during WWII in GermanyAdolf Hitler
100%
Russia's current presidentVladimir Putin
97%
Current presient of the U.SJoe Biden
93%
Soviet Dictator from WWIIJoseph Stalin
93%
North Korea's former dictatorKim Jong il
93%
North Korea's dictatorKim Jong Un
93%
Queen of EnglandQueen Elizabeth II
93%
Italy's duce in WWIIBenito Mussolini
90%
President of the U.S during the Cold War 1961-1963John. F Kennedy
87%
Current Prime Minister of the U.KBoris Johnson
83%
Japan's WWII EmporerHirohito
83%
Prime Minister of the U.K from 1979-1990Margaret Thatcher
80%
China's Current PresidentXi Jinping
80%
First Chinese DictatorMao Zedong
77%
Canada's Prime MinisterJustin Trudeau
67%
Former Vice President of the U.S from 2017-2021Mike Pence
67%
Soviet Dictator of the Cold WarNikita Khrushchev
67%
40th president of the U.SRonald Reagan
63%
Post- Cold War president of RussiaBoris Yeltsin
57%
Ukraine's Current PresidentVolodymyr Zelenskyy
37%

Score Distribution

Percentile by Number Answered

Percent of People with Each Score

Your Score History

You have not taken this quiz